000 00756nam a2200193Ia 4500
008 151119s9999||||xx |||||||||||||| ||und||
082 _a641.5
082 _bGKKV26684
100 _aगाला धीरेन
245 _aआरोग्याची गुरुकिल्ली निसर्गोपचार पद्धती
260 _a--
260 _b--
260 _c0
600 _aगाला धीरेन
630 _aआरोग्याची गुरुकिल्ली निसर्गोपचार पद्धती
700 _aगाला धीरेन
730 _aआरोग्याची गुरुकिल्ली निसर्गोपचार पद्धती
942 _cBOOK
999 _c1079152
_d1079149